[Event "Platense-ch qual"]
[Site "La Plata"]
[Date "2016.09.01"]
[Round "2.3"]
[White "Robles, Christian"]
[Black "Bernasconi, Mario Emanuel"]
[Result "0-1"]
[WhiteElo "2033"]
[BlackElo "1850"]
[PlyCount "66"]
[EventDate "2016.08.30"]
[EventType "swiss"]
[EventRounds "7"]
[EventCountry "ARG"]
[SourceTitle "EXT 2024"]
[Source "ChessBase"]
[SourceDate "2023.10.10"]
[SourceVersion "1"]
[SourceVersionDate "2023.10.10"]
[SourceQuality "1"]

1. d4 Nf6 2. c4 e6 3. Nf3 Bb4+ 4. Bd2 Qe7 5. Nc3 0-0 6. e3 Bxc3 7. Bxc3 Ne4 8. Qc2 Nxc3 9. Qxc3 f5 10. Bd3 b6 11. 0-0 Bb7 12. Nd2 d6 13. e4 fxe4 14. Nxe4 Nd7 15. c5 bxc5 16. dxc5 Ne5 17. Rad1 Nxd3 18. Qxd3 d5 19. Nd2 Qxc5 20. Nf3 Qe7 21. Rfe1 Qf6 22. b4 Rae8 23. Re5 d4 24. Rh5 g6 25. Rh3 e5 26. Rd2 Qf5 27. Qc4+ Rf7 28. Rd1 e4 29. Nxd4 Qxf2+ 30. Kh1 e3 31. Rg1 e2 32. Nf3 Qxg1+ 33. Nxg1 e1Q 0-1

[Event "Buenos Aires ITT del Futuro 1er"]
[Site "Buenos Aires"]
[Date "2016.08.25"]
[Round "2.5"]
[White "Bernasconi, Mario Emanuel"]
[Black "Tapia Fuentes, Jaime"]
[Result "0-1"]
[WhiteElo "1850"]
[BlackElo "2278"]
[PlyCount "78"]
[EventDate "2016.08.25"]
[EventType "tourn"]
[EventRounds "9"]
[EventCountry "ARG"]
[SourceTitle "EXT 2024"]
[Source "ChessBase"]
[SourceDate "2023.10.10"]
[SourceVersion "1"]
[SourceVersionDate "2023.10.10"]
[SourceQuality "1"]

1. e4 c5 2. c3 d5 3. exd5 Qxd5 4. d4 g6 5. Nf3 Bg7 6. Be3 Nh6 7. dxc5 Qxd1+ 8. Kxd1 Ng4 9. Bb5+ Bd7 10. Bxd7+ Nxd7 11. Ke2 Nxe3 12. Kxe3 Nxc5 13. Na3 Na4 14. Nb5 0-0 15. Rab1 a6 16. Nbd4 Rfd8 17. Ke2 Rac8 18. Rhd1 Rxc3 19. bxc3 Nxc3+ 20. Ke1 Nxb1 21. Rxb1 Bxd4 22. Nxd4 Rxd4 23. Rxb7 e6 24. Rb3 Ra4 25. a3 Rh4 26. g3 Rd4 27. Ke2 Kg7 28. Ke3 Rd5 29. Rb4 Kf6 30. h4 h5 31. Rb6 Ra5 32. Rb3 Ra4 33. Rc3 Kf5 34. Kd3 f6 35. Kc2 g5 36. hxg5 fxg5 37. Kb3 Rd4 38. Rc6 h4 39. gxh4 gxh4 0-1